Statistics for Most Visited Countries by New Zealanders in 2014

Click here to take the quiz!

General Stats

  • This quiz has been taken 318 times
  • The average score is 4 of 5

Answer Stats

No.touristsDestination% Correct
1,095,740Australia
99%
164,760United States
94%
101,440United Kingdom
86%
76,860China
79%
130,080Fiji
72%

Score Distribution

Percentile by Number Answered

Percent of People with Each Score

Your Score History

You have not taken this quiz